Interpretación filosófica-histórica del V centenario de la evangelización de América
Պահպանված է:
| Հիմնական հեղինակ: | |
|---|---|
| Ձևաչափ: | Գիրք |
| Լեզու: | իսպաներեն |
| Հրապարակվել է: |
Buenos Aires
Depalma
1994
|
| Շարք: | Obras de Ismael Quiles, 25
|
| Խորագրեր: | |
| Ցուցիչներ: |
Ավելացրեք ցուցիչ
Չկան պիտակներ, Եղեք առաջինը, ով նշում է այս գրառումը!
|
MARC
| LEADER | 00000nam a2200000 a 4500 | ||
|---|---|---|---|
| 001 | UCY7745 | ||
| 003 | CL-VaPUC | ||
| 008 | 950622e19940000AG |||||||||||||||||spa|d | ||
| 082 | 0 | 4 | |a 201 |b QUI |2 21 |
| 100 | 0 | |a Quiles, Ismael |e author |9 338501 | |
| 245 | 1 | 0 | |a Interpretación filosófica-histórica del V centenario de la evangelización de América |
| 300 | |a 90 p | ||
| 942 | |c BK | ||
| 945 | |d 19950622 00:00:00 |a aalvarez | ||
| 260 | |a Buenos Aires |b Depalma |c 1994 | ||
| 650 | 7 | |a EVANGELIZACION |2 CL-VaPUC |9 338502 | |
| 651 | 0 | |a América Latina |9 255027 | |
| 583 | |a last modification |c 19950622 00:00:00 |k Rodrigo Vera | ||
| 490 | 0 | |a Obras de Ismael Quiles, 25 | |
| 999 | |c 235066 |d 235064 | ||
| 952 | |0 0 |1 0 |4 0 |6 201_000000000000000_QUI_1994 |7 0 |8 A |9 242215 |a BIBTEO |b BIBTEO |d 2019-11-18 |i 3094219 |o 201 QUI 1994 |p 3094219 |r 2025-01-17 |w 2019-11-18 |y BK |k ICR | ||